Szczegóły MARC21

W kręgu nowożytnej i najnowszej historii ustroju Polski : księga dedykowana profesorowi Marianowi Kallasowi /

003 -Nazwa inst., której nr kontr. jest w polu 001 [,]
    • @
    • Nazwa instytucji, której n kontrolny jest w polu 001
    • NUKAT
005 -DATA I CZAS OSTATNIEJ MODYFIKACJI [,]
    • @
    • pole kontrolne
    • 20241231105454.0
020 -Międzynarod. znormalizowany nr książki - ISBN [ , ]
    • a
    • Numer ISBN
    • 9788393179800 Find
040 -Instytucja sporządzająca opis [ , ]
    • a
    • Instytucja, która sporządziła opis (NP)
    • WR U/PAd
    • c
    • Instytucja, która sporządziła rekord (NP)
    • WR U/ml
    • d
    • Instytucja, która zmodyfikowała rekord (P)
    • WR U/jm
    • d
    • Instytucja, która zmodyfikowała rekord (P)
    • WR U/HSs
    • d
    • Instytucja, która zmodyfikowała rekord (P)
    • WA 14/MW
041 -Język dokumentu [0, ]
    • a
    • Język tekstu (P)
    • polski
    • a
    • Język tekstu (P)
    • niemiecki
942 -Rodzaj dokumentu [ , ]
    • c
    • Rodzaj dokumentu
    • Książka
245 -Strefa tytułu i oznaczenia odpowiedzialności [0,0]
    • a
    • Tytuł
    • W kręgu nowożytnej i najnowszej historii ustroju Polski : Find
    • b
    • Ciąg dalszy tytułu (NP)
    • księga dedykowana profesorowi Marianowi Kallasowi / Find
    • c
    • Pozostałe elementy strefy tytułu i oznaczenia odpowiedzialności (NP)
    • kom. red. Sławomir Godek, Dariusz Makiłła, Magdalena Wilczek-Karczewska.
260 -Strefa adresu wydawniczego [ , ]
    • a
    • Miejsce wydania (P)
    • Warszawa :
    • b
    • Nazwa wydawcy (P)
    • InterLeones Halina Dyczkowska,
    • c
    • Data wydania (P)
    • 2010.
300 -Strefa opisu fizycznego [ , ]
    • a
    • Określenie formy książki i/lub objętość (NP)
    • XXXVIII, 940 s., [1] k. portr., [4] s. tabl. ;
    • c
    • Format (NP)
    • 25 cm.
336 -Typ zawartości [ , ]
    • a
    • Termin opisujący typ zawartości
    • Tekst
    • b
    • Kod określający zawartość
    • txt
    • 2
    • Źródło (terminu i kodu)
    • rdacontent
337 -Typ mediów [ , ]
    • a
    • Tryb odtwarzania
    • Bez urządzenia pośredniczącego
    • b
    • Kod typu mediów
    • n
    • 2
    • Źródło (terminu i kodu)
    • rdamedia
338 -Typ/rodzaj nośnika [ , ]
    • a
    • Hasło opisujące typ nośnika
    • Wolumin
    • b
    • Kod typu nośnika
    • nc
    • 2
    • Źródło (terminu i kodu)
    • rdacarrier
380 -Deskryptor - Forma dzieła (P) [ , ]
    • a
    • forma dzieła (NP)
    • Książki
504 -Uwaga dot. bibliogr. załącznikowej [ , ]
    • a
    • Uwaga dot. bibliografii załącznikowej
    • "Bibliografia prac prof. dr. hab. Mariana Kallasa za lata 1969-2009" s. XXIII-XXXVIII.
546 -Uwaga dot. języka [ , ]
    • a
    • Uwaga dot. języka
    • Jeden dokument źródłowy w jęz. niem.
600 -Hasło przedmiotowe w formie nazwy osobowej [1,7]
    • a
    • Nazwa osobowa
    • Kallas, Marian
    • d
    • Daty związane z nazwą
    • (1938-2020)
    • v
    • Określnik formalny
    • bibliografia.
    • 2
    • Źródło terminu
    • kaba
    • 9
    • KHW
    • 520577
600 -Hasło przedmiotowe w formie nazwy osobowej [1,7]
    • a
    • Nazwa osobowa
    • Kallas, Marian
    • d
    • Daty związane z nazwą
    • (1938-2020)
    • 2
    • Źródło terminu
    • DBN
    • 9
    • KHW
    • 38021
650 -Hasło przedmiotowe [ ,7]
    • a
    • Hasło przedmiotowe
    • Księgi pamiątkowe
    • z
    • Określnik geograficzny
    • Polska
    • z
    • Określnik geograficzny
    • Warszawa.
    • 2
    • Źródło terminu
    • kaba
    • 9
    • KHW
    • 350806
650 -Hasło przedmiotowe [ ,7]
    • a
    • Hasło przedmiotowe
    • Historia konstytucyjna.
    • 2
    • Źródło terminu
    • kaba
    • 9
    • KHW
    • 111217
650 -Hasło przedmiotowe [ ,7]
    • a
    • Hasło przedmiotowe
    • Państwo i prawo
    • x
    • Określnik rzeczowy
    • historia.
    • 2
    • Źródło terminu
    • kaba
    • 9
    • KHW
    • 362292
650 -Hasło przedmiotowe [ ,7]
    • a
    • Hasło przedmiotowe
    • Prawo
    • 2
    • Źródło terminu
    • DBN
    • 9
    • KHW
    • 723513
650 -Hasło przedmiotowe [ ,7]
    • a
    • Hasło przedmiotowe
    • Ustrój polityczny
    • 2
    • Źródło terminu
    • DBN
    • 9
    • KHW
    • 724539
651 -Hasło przedmiotowe w formie nazwy geograficznej [ ,7]
    • a
    • Nazwa geograficzna
    • Polska
    • x
    • Określnik rzeczowy
    • historia konstytucyjna.
    • 2
    • Źródło terminu
    • kaba
    • 9
    • KHW
    • 353864
651 -Hasło przedmiotowe w formie nazwy geograficznej [ ,7]
    • a
    • Nazwa geograficzna
    • Polska
    • x
    • Określnik rzeczowy
    • polityka i rządy.
    • 2
    • Źródło terminu
    • kaba
    • 9
    • KHW
    • 124817
651 -Hasło przedmiotowe w formie nazwy geograficznej [ ,7]
    • a
    • Nazwa geograficzna
    • Polska
    • 2
    • Źródło terminu
    • DBN
    • 9
    • KHW
    • 721438
655 -Hasło w funkcji tematu formalnego [ ,7]
    • a
    • Hasło
    • Księga pamiątkowa
    • 2
    • Źródło terminu
    • DBN
    • 9
    • KHW
    • 721471
658 -Ujęcie treści [ , ]
    • a
    • dziedzina nauki i sztuki/ sfera aktywności życiowej
    • Historia
658 -Ujęcie treści [ , ]
    • a
    • dziedzina nauki i sztuki/ sfera aktywności życiowej
    • Prawo i wymiar sprawiedliwości
658 -Ujęcie treści [ , ]
    • a
    • dziedzina nauki i sztuki/ sfera aktywności życiowej
    • Polityka, politologia, administracja publiczna
700 -Hasło dodatkowe - nazwa osobowa [1, ]
    • a
    • Nazwa osobowa (NP)
    • Godek, Sławomir. Find
    • e
    • Określenie rodzaju współpracy
    • Red.
    • 9
    • KHW
    • 91760
700 -Hasło dodatkowe - nazwa osobowa [1, ]
    • a
    • Nazwa osobowa (NP)
    • Makiłła, Dariusz Find
    • d
    • Daty biograficzne (NP)
    • (1957- ).
    • e
    • Określenie rodzaju współpracy
    • Red.
    • 9
    • KHW
    • 77139
700 -Hasło dodatkowe - nazwa osobowa [1, ]
    • a
    • Nazwa osobowa (NP)
    • Wilczek-Karczewska, Magdalena. Find
    • e
    • Określenie rodzaju współpracy
    • Red.
    • 9
    • KHW
    • 520509
920 -ISBN [ , ]
    • a
    • ISBN
    • 978-83-931798-0-0 Find
Data inwentaryzacji Status udost. Lokalizacja Sygnatura Numer inwentarzowy
2020-06-161BSASA.25147SA.25147